Rusko a jeho pozícia globálneho neliberálneho lídra: Ruské politické hodnoty versus dnešné hodnoty západnej civilizácie

Salvato in:
Dettagli Bibliografici
Autore principale: Solik, Martin
Natura: Libro
Lingua:slovacco
Pubblicazione: Banská Bystrica BELIANUM 2022
Edizione:1. vydanie
Soggetti:
Tags: Aggiungi Tag
Nessun Tag, puoi essere il primo ad aggiungerne!!

MARC

LEADER 00000nam a2200000 4500
001 0283303
005 20240416114150.3
020 |a 978-80-557-1949-8 
041 0 |a slo 
044 |a SK 
245 1 0 |a Rusko a jeho pozícia globálneho neliberálneho lídra: Ruské politické hodnoty versus dnešné hodnoty západnej civilizácie  |c Martin Solik 
250 |a 1. vydanie 
264 1 |a Banská Bystrica  |b BELIANUM  |c 2022 
300 |a 275 s. 
610 2 0 |a politika medzinárodná 
610 2 0 |a politika svetová 
610 2 0 |a politika zahraničná 
610 2 0 |a vzťahy politické medzinárodné 
610 2 0 |a moc politická 
610 2 0 |a konzervativizmus 
610 2 0 |a Rusko 
100 1 |a Solik, Martin